000 00541 a2200169 4500
001 121538
020 _a9788539400799
040 _cEscola Canadense de Niteroi
090 _aGIR-M2
245 1 0 _a1000 Primeiras Palavras: Português - Inglês
260 _aSão Paulo
300 _bil.
_c4 x 32 x 0.8 cm
520 _aNa escola ou em casa, agora estudar Inglês ficou muito mais gostoso! Este livro, com muitas imagens coloridas, traz mil nomes em Português e Inglês.
650 4 _aPalavras
650 4 _aNão Ficção
942 _cBK
999 _c121538
_d121538